000 nam a22 7a 4500
999 _c40410
_d40410
005 20171110104440.0
008 171110b xxu||||| |||| 00| 0 eng d
040 _aANE
041 _aEs
082 _a863 S182
110 _aSalvat S.A
245 _aAntonologia Poetica
_cSalvat S.A
260 _aNavarra S.A
_bSalvat S.A
_c1970
300 _a189 p.
500 _aIndice
500 _aPrólogo de Julián Marías
942 _2ddc
_cBK
_zNr.